MARC details
| 000 -LEADER |
| fixed length control field |
01873nam a22003617a 4500 |
| 001 - CONTROL NUMBER |
| control field |
102284 |
| 003 - CONTROL NUMBER IDENTIFIER |
| control field |
KnowledgeUnlatched |
| 005 - DATE AND TIME OF LATEST TRANSACTION |
| control field |
20210303105224.0 |
| 006 - FIXED-LENGTH DATA ELEMENTS--ADDITIONAL MATERIAL CHARACTERISTICS |
| fixed length control field |
m o d |
| 007 - PHYSICAL DESCRIPTION FIXED FIELD--GENERAL INFORMATION |
| fixed length control field |
cr u|||||||||| |
| 008 - FIXED-LENGTH DATA ELEMENTS--GENERAL INFORMATION |
| fixed length control field |
210129p20122019gw o u00| u eng d |
| 037 ## - SOURCE OF ACQUISITION |
| Institution to which field applies |
BiblioBoard |
| 020 ## - INTERNATIONAL STANDARD BOOK NUMBER |
| International Standard Book Number |
9783847400288 |
| 024 8# - OTHER STANDARD IDENTIFIER |
| Standard number or code |
10.3224/84740028 |
| 029 1# - OTHER SYSTEM CONTROL NUMBER (OCLC) |
| OCLC library identifier |
https://library.biblioboard.com/ext/api/media/2f3404c5-b32e-4294-971d-231b1a66d2f6/assets/thumbnail.jpg |
| 040 ## - CATALOGING SOURCE |
| Original cataloging agency |
ScCtBLL |
| Transcribing agency |
ScCtBLL |
| 100 1# - MAIN ENTRY--PERSONAL NAME |
| Personal name |
Rainer, Rainer |
| Relator term |
author. |
| 245 00 - TITLE STATEMENT |
| Title |
Radical Approaches to Political Science |
| Remainder of title |
Roads Less Traveled / |
| Statement of responsibility, etc. |
Rainer Rainer. |
| 264 #1 - PRODUCTION, PUBLICATION, DISTRIBUTION, MANUFACTURE, AND COPYRIGHT NOTICE |
| Name of producer, publisher, distributor, manufacturer |
Verlag Barbara Budrich, |
| 300 ## - PHYSICAL DESCRIPTION |
| Extent |
1 online resource (268 p.) |
| 506 0# - RESTRICTIONS ON ACCESS NOTE |
| Terms governing access |
Access copy available to the general public. |
| Standardized terminology for access restriction |
Unrestricted |
| Source of term |
star |
| 520 ## - SUMMARY, ETC. |
| Summary, etc. |
This ground breaking volume offers a range of alternative approaches to political science, highlighting problems too rarely confronted by “mainstreamâ€_x009d_ political scientists. Ranging from Gunfighter Sagas to the changing faces of an imaginary Mars, the innovative chapters introduce whole new ways of rethinking politics, stirring up the all too conventional ways of the discipline. |
| 588 0# - SOURCE OF DESCRIPTION NOTE |
| Source of description note |
Description based on print version record. |
| 590 ## - LOCAL NOTE (RLIN) |
| Local note |
KU Select 2018: HSS Backlist Books |
| 650 #7 - SUBJECT ADDED ENTRY--TOPICAL TERM |
| Topical term or geographic name entry element |
Political Science / History & Theory |
| Source of heading or term |
bisacsh |
| 650 #0 - SUBJECT ADDED ENTRY--TOPICAL TERM |
| Topical term or geographic name entry element |
Political science |
| 655 #0 - INDEX TERM--GENRE/FORM |
| Genre/form data or focus term |
Electronic books. |
| 758 ## - |
| -- |
Is found in: |
| -- |
Knowledge Unlatched |
| -- |
https://openresearchlibrary.org/module/2774bc74-146a-484f-a7ba-ab1d6a09bbfb |
| 856 40 - ELECTRONIC LOCATION AND ACCESS |
| Uniform Resource Identifier |
<a href="https://openresearchlibrary.org/content/2f3404c5-b32e-4294-971d-231b1a66d2f6">https://openresearchlibrary.org/content/2f3404c5-b32e-4294-971d-231b1a66d2f6</a> |
| Public note |
View this content on Open Research Library. |
| -- |
0 |